MARC details
| 000 -LEADER |
| fixed length control field |
02650cam a22003738i 4500 |
| 001 - CONTROL NUMBER |
| control field |
22922432 |
| 005 - DATE AND TIME OF LATEST TRANSACTION |
| control field |
20240206094240.0 |
| 008 - FIXED-LENGTH DATA ELEMENTS--GENERAL INFORMATION |
| fixed length control field |
230107s2023 nju b 001 0 eng |
| 010 ## - LIBRARY OF CONGRESS CONTROL NUMBER |
| LC control number |
2022058915 |
| 020 ## - INTERNATIONAL STANDARD BOOK NUMBER |
| International Standard Book Number |
9781394165230 |
| 020 ## - INTERNATIONAL STANDARD BOOK NUMBER |
| Canceled/invalid ISBN |
9781394165254 |
| 020 ## - INTERNATIONAL STANDARD BOOK NUMBER |
| Canceled/invalid ISBN |
9781394165247 |
| 040 ## - CATALOGING SOURCE |
| Original cataloging agency |
DLC |
| Language of cataloging |
eng |
| Description conventions |
rda |
| Transcribing agency |
DLC |
| Modifying agency |
DLC |
| 042 ## - AUTHENTICATION CODE |
| Authentication code |
pcc |
| 050 00 - LIBRARY OF CONGRESS CALL NUMBER |
| Classification number |
HF5548.2 |
| Item number |
.S687 2023 |
| 082 00 - DEWEY DECIMAL CLASSIFICATION NUMBER |
| Classification number |
DC 658.05 |
| Edition number |
2023 |
| Item number |
So882 |
| 100 1# - MAIN ENTRY--PERSONAL NAME |
| Personal name |
Southekal, Prashanth H., |
| Relator term |
author. |
| 9 (RLIN) |
51487 |
| 245 10 - TITLE STATEMENT |
| Title |
Data quality : |
| Remainder of title |
empowering businesses with analytics and AI / |
| Statement of responsibility, etc. |
Prashanth H. Southekal. |
| 260 ## - PUBLICATION, DISTRIBUTION, ETC. (IMPRINT) |
| Place of publication, distribution, etc. |
Hoboken, New Jersey : |
| Name of publisher, distributor, etc. |
John Wiley & Sons, Inc. |
| Date of publication, distribution, etc. |
©2023. |
| 263 ## - PROJECTED PUBLICATION DATE |
| Projected publication date |
2303 |
| 300 ## - PHYSICAL DESCRIPTION |
| Extent |
xxvi, 271 pages : |
| Other physical details |
illustrations ; |
| Dimensions |
24 cm. |
| 504 ## - BIBLIOGRAPHY, ETC. NOTE |
| Bibliography, etc |
Includes bibliographical references and index. |
| 505 0# - FORMATTED CONTENTS NOTE |
| Formatted contents note |
Business data -- Data quality in business -- Causes for poor data quality -- Data lifecycle and lineage -- Profiling for data quality -- Reference architecture for data quality -- Best practices to realize data quality -- Best practices to realize data quality -- Data governance -- Protecting data -- Data ethics. |
| 520 ## - SUMMARY, ETC. |
| Summary, etc. |
"Quality data is the key for business enterprises to offer improved performance in operations, compliance, and decision making. According to McKinsey, data driven organizations provide EBITDA increases between 15 to 25% than peers. However, to be a data driven organization, data quality is very important. But most companies are plagued with poor data quality. A HBR study found that just 3% of the data in a business enterprise meets quality standards. According to Gartner, 27% of data in the world's top companies is flawed--so companies are looking for practical guidance to improve data quality. This book examines the four-phase DARS approach (Define-Assess-Realize-Sustain) for companies to manage high quality data in organizations. This approach provides a combination of strategy and tactical elements to deliver the greatest value from data to the business. It is a playbook that offers prescriptive recommendations based on proven best practices to realize and sustain data quality"-- |
| 650 #0 - SUBJECT ADDED ENTRY--TOPICAL TERM |
| Topical term or geographic name as entry element |
Business |
| General subdivision |
Data processing. |
| 9 (RLIN) |
51488 |
| 650 #0 - SUBJECT ADDED ENTRY--TOPICAL TERM |
| Topical term or geographic name as entry element |
Electronic data processing |
| General subdivision |
Quality control. |
| 9 (RLIN) |
51489 |
| 650 #0 - SUBJECT ADDED ENTRY--TOPICAL TERM |
| Topical term or geographic name as entry element |
Data protection. |
| 9 (RLIN) |
51490 |
| 650 #0 - SUBJECT ADDED ENTRY--TOPICAL TERM |
| Topical term or geographic name as entry element |
Artificial intelligence. |
| 9 (RLIN) |
51491 |
| 776 08 - ADDITIONAL PHYSICAL FORM ENTRY |
| Relationship information |
Online version: |
| Main entry heading |
Southekal, Prashanth H. |
| Title |
Data quality |
| Place, publisher, and date of publication |
Hoboken, New Jersey : Wiley, [2023] |
| International Standard Book Number |
9781394165254 |
| Record control number |
(DLC) 2022058916 |
| 365 ## - TRADE PRICE |
| Price amount |
3,735.00 |
| Currency code |
Php |
| 906 ## - LOCAL DATA ELEMENT F, LDF (RLIN) |
| a |
7 |
| b |
cbc |
| c |
orignew |
| d |
1 |
| e |
ecip |
| f |
20 |
| g |
y-gencatlg |
| 942 ## - ADDED ENTRY ELEMENTS (KOHA) |
| Source of classification or shelving scheme |
Dewey Decimal Classification |
| Koha item type |
Circulation |